000 00272nam a22001217a 4500
008 180208b xxu||||| |||| 00| 0 eng d
041 _aeng
080 _a33
100 _a52
101 _aECO
245 _aESSAYS ON THE POLITICAL ECONOMY
_cJAMES.M.B
942 _2udc
_cBK
999 _c42174
_d42174